000 01058cab a2200301 4500
001 ABS57049
008 090401t1997 xxu||||| |||| 00| 0 eng d
035 _a(Sirsi) u98349
041 _aeng
100 _aMorris, C.
245 _aEffete or effective stewardship?
260 _c1997
350 _a0
490 _aLandscape Design
_v(260) May 1997, 19-23(5)
520 _aExamines how effective agri-environmental policy (AEP) schemes like Countryside Stewardship (CS) are in stimulating the widespread development of greener farming systems. Chart of CS and hedgerow incentive scheme agreements in England 1991-95. References.
650 _aAGRI-ENVIRONMENTAL POLICY
650 _aAGRICULTURE
650 _aCOMMON AGRICULTURAL POLICY
650 _aCONSERVATION MANAGEMENT
650 _aCOUNTRYSIDE STEWARDSHIP SCHEME
650 _aCOUNTRYSIDE STEWARDSHIP
650 _aENVIRONMENTALLY SENSITIVE FARMING
650 _aFARMING
650 _aHEDGEROW INCENTIVE SCHEME
690 _aRURAL PRACTICE
942 _n0
948 _c20/05/1997
999 _c59753
_d59753